Computer Architecture (Record no. 293447)
[ view plain ]
| 000 -LEADER | |
|---|---|
| fixed length control field | 00403nam a2200157Ia 4500 |
| 008 - FIXED-LENGTH DATA ELEMENTS--GENERAL INFORMATION | |
| fixed length control field | 230718s9999 xx 000 0 und d |
| 041 ## - LANGUAGE CODE | |
| Language code of text/sound track or separate title | eng |
| 082 ## - DEWEY DECIMAL CLASSIFICATION NUMBER | |
| Classification number | 004.22 |
| Item number | DAS |
| 100 ## - MAIN ENTRY--PERSONAL NAME | |
| Personal name | Dasgupta S. |
| 245 ## - TITLE STATEMENT | |
| Title | Computer Architecture |
| Remainder of title | A Modern Synthesis |
| 260 ## - PUBLICATION, DISTRIBUTION, ETC. (IMPRINT) | |
| Date of publication, distribution, etc. | 1989 |
| Name of publisher, distributor, etc. | Wiley And Sons |
| 300 ## - PHYSICAL DESCRIPTION | |
| Extent | 411 |
| 365 ## - TRADE PRICE | |
| Currency code | Rs. |
| Price amount | 278.95 |
| 700 ## - ADDED ENTRY--PERSONAL NAME | |
| Personal name | Dasgupta S. |
| 906 ## - LOCAL DATA ELEMENT F, LDF (RLIN) | |
| d | B:82209-Mar-1995 |
| c | COMP |
| b | 41.84 |
| Withdrawn status | Lost status | Damaged status | Not for loan | Home library | Current library | Date acquired | Vendor | Budget Code | Cost, normal purchase price | Bill number | Total Checkouts | Full call number | Barcode | Date last seen | Discount | Cost, replacement price | Bill Date | Koha item type | Original Barcode |
|---|---|---|---|---|---|---|---|---|---|---|---|---|---|---|---|---|---|---|---|
| Cummins College of Engineering for Women Pune | Cummins College of Engineering for Women Pune | 10/03/1995 | Pradeep Book Distributors | COMP | 237.11 | 822 | 004.22 | CCEP-BK-4552 | 18/07/2023 | 41.84 | 278.95 | 09/03/1995 | Books | 004552 |